| 000 | 00837 a2200241 4500 | ||
|---|---|---|---|
| 003 | Nust | ||
| 005 | 20220721100313.0 | ||
| 010 | _a 95175042 | ||
| 020 | _a1562762753 (pbk.) : | ||
| 035 | _a(OCoLC)32554497 | ||
| 035 | _a3584-37060 | ||
| 040 | _cNust | ||
| 082 | 0 | 0 | _a004,FRE |
| 100 | 1 |
_aFreed, Les. _994241 |
|
| 245 | 1 | 4 |
_aThe history of computers / _cLes Freed ; illustrated by Sarah Ishida. |
| 260 |
_aEmeryville, Calif. : _bZiff-Davis Press, _cc1995. |
||
| 300 |
_aix, 153 p. : _bcol. ill. ; _c26 cm. |
||
| 505 | _aComputer Ancestry (Page-1), Harnessing The Electron (Page-18), Building An Industry (Page-50), Two Guys In Garage (Page-82), The PC Grows Up (Page-104). | ||
| 650 | 0 |
_aComputers _xHistory. _936552 |
|
| 650 | 0 |
_aMicrocomputers _xHistory. _994242 |
|
| 700 | 1 |
_aIshida, Sarah. _994243 |
|
| 942 |
_2ddc _cBK _k004,FRE |
||
| 999 |
_c179478 _d179478 |
||